LEADER 01421nam1-2200397---450- 001 990002408570203316 005 20150930091922.0 035 $a000240857 035 $aUSA01000240857 035 $a(ALEPH)000240857USA01 035 $a000240857 100 $a20050317d1998----km-y0itay0103----ba 101 0 $aita 102 $aIT 105 $a||||||||001yy 200 1 $aCatalogo del fondo musicale della Biblioteca comunale di Treviso$fUmberto Nensi, Nadia Nigris, Elena Tonolo 210 $aVenezia$cFondazione Levi$d1998 215 $avolumi$d24 cm 225 2 $aFondazione Levi Ser. 3, Studimusicologici C, Cataloghi e bibliografie 300 $aIn testa al frontespizio: Giunta Regionale del Veneto - Fondazione Levi 410 0$12001$aFondazione Levi Ser. 3, Studimusicologici C, Cataloghi e bibliografie 606 0 $aManoscritti musicali$xCataloghi di esppsizioni$zSec. 16.-20. 676 $a016.78 700 1$aNENSI,$bUmberto$0572512 701 $aNIGRIS,$bNadia$0572494 701 $aTONOLO,$bElena$0572513 801 0$aIT$bsalbc$gISBD 912 $a990002408570203316 951 $aXVII A. 1-2-3$cXVII A. 959 $aBK 969 $aCAS 979 $aDLAS$b10$c20050317$lUSA01$h1123 979 $aPASSARO$b90$c20150930$lUSA01$h0905 979 $aPASSARO$b90$c20150930$lUSA01$h0919 996 $aCatalogo del fondo musicale della Biblioteca comunale di Treviso$91065221 997 $aUNISA LEADER 00956nam0-22003011i-450- 001 990000487370403321 005 20070920112952.0 035 $a000048737 035 $aFED01000048737 035 $a(Aleph)000048737FED01 035 $a000048737 100 $a20020821d1982----km-y0itay50------ba 101 0 $aeng 105 $ay-------001yy 200 1 $aCalculation and measurement of luminance and illuminance in road lighting$ecomputer program for luminance, illuminance and glare$fCommission internationale de l'eclairage 210 $aParis$cBureau central de la CIE$d1982 215 $a159 p.$d30 cm 225 1 $aPublication CIE$v30-2 (TC-4.6) 1982 610 0 $aIlluminotecnica$aStrade 676 $a628.95 676 $a621.32 710 02$aInternational Commission on Illumination 801 0$aIT$bUNINA$gRICA$2UNIMARC 901 $aBK 912 $a990000487370403321 952 $a10 D IV 37$b11762$fDINEL 959 $aDINEL 997 $aUNINA